Globalisation and library information networking
Contents of material: Digital libraries in 21st century. ICTs in information services. Globalisation and information liberty. Globalisation and intelligent library services. Information networking. Digital libraries distance learning. Digital information and copyrights issues.
Đã lưu trong:
| 主要作者: | |
|---|---|
| 格式: | 图书 |
| 语言: | Undetermined |
| 出版: |
Laxmi Nagar, Delhi
Authorspress
2004
|
| 主题: | |
| 标签: |
添加标签
没有标签, 成为第一个标记此记录!
|
| Thư viện lưu trữ: | Trung tâm Học liệu Trường Đại học Cần Thơ |
|---|
| LEADER | 00917nam a2200217Ia 4500 | ||
|---|---|---|---|
| 001 | CTU_124844 | ||
| 008 | 210402s9999 xx 000 0 und d | ||
| 020 | |c 39.00 | ||
| 082 | |a 021.65 | ||
| 082 | |b R165 | ||
| 100 | |a Ramamurthy, C. R. | ||
| 245 | 0 | |a Globalisation and library information networking | |
| 245 | 0 | |c C. R. Ramamurthy | |
| 260 | |a Laxmi Nagar, Delhi | ||
| 260 | |b Authorspress | ||
| 260 | |c 2004 | ||
| 520 | |a Contents of material: Digital libraries in 21st century. ICTs in information services. Globalisation and information liberty. Globalisation and intelligent library services. Information networking. Digital libraries distance learning. Digital information and copyrights issues. | ||
| 650 | |a Libraries,Libraries and electronic publishing,Library information networks | ||
| 650 | |x Computer network resources | ||
| 904 | |i Minh | ||
| 980 | |a Trung tâm Học liệu Trường Đại học Cần Thơ | ||